Design for life (Record no. 70819)
[ view plain ]
| 000 -LEADER | |
|---|---|
| fixed length control field | 01574cam a2200265 4500 |
| 001 - CONTROL NUMBER | |
| control field | ABS65678 |
| 008 - FIXED-LENGTH DATA ELEMENTS--GENERAL INFORMATION | |
| fixed length control field | 020725n2002 000 0 eng u |
| 035 ## - SYSTEM CONTROL NUMBER | |
| System control number | (Sirsi) u119048 |
| 100 ## - MAIN ENTRY--PERSONAL NAME | |
| Personal name | Gilbey, R |
| 245 ## - TITLE STATEMENT | |
| Title | Design for life |
| 260 ## - PUBLICATION, DISTRIBUTION, ETC. | |
| Date of publication, distribution, etc. | 2002 |
| 490 ## - SERIES STATEMENT | |
| Series statement | Fire Engineers' Journal |
| Volume/sequential designation | 62(222) July 2002, 27-29(3) |
| 520 ## - SUMMARY, ETC. | |
| Summary, etc. | A study into the collapse of the World Trade Center following the terrorist attack on 11 September by the US Federal Emergency Management Agency (FEMA) and the Structural Engineering Institute of the American Society of Civil Engineers has brought to light some important issues about the design and performance of buildings. Discusses key findings from the report such as the design features that enabled the towers to remain standing after they were hit, and how the building's collapse was caused by the fires started by the burning jet fuel. Considers whether building codes should be changed to make future buildings more resistant to terrorist attacks and outlines the report's recommendations for specific issues aimed at improving building design and performance in the future. "World Trade Center building performance" available from FEMA's website at www.fema.gov |
| 590 ## - LOCAL NOTE (RLIN) | |
| Local note | ABS |
| 650 ## - SUBJECT ADDED ENTRY--TOPICAL TERM | |
| Topical term or geographic name entry element | WORLD TRADE CENTER |
| 650 ## - SUBJECT ADDED ENTRY--TOPICAL TERM | |
| Topical term or geographic name entry element | BUILT ENVIRONMENT-CONSTRUCTION DESIGN |
| 650 ## - SUBJECT ADDED ENTRY--TOPICAL TERM | |
| Topical term or geographic name entry element | TERRORISM |
| 650 ## - SUBJECT ADDED ENTRY--TOPICAL TERM | |
| Topical term or geographic name entry element | TALL BUILDINGS |
| 650 ## - SUBJECT ADDED ENTRY--TOPICAL TERM | |
| Topical term or geographic name entry element | STRUCTURAL DESIGN |
| 650 ## - SUBJECT ADDED ENTRY--TOPICAL TERM | |
| Topical term or geographic name entry element | BUILDING PERFORMANCE |
| 650 ## - SUBJECT ADDED ENTRY--TOPICAL TERM | |
| Topical term or geographic name entry element | BUILDING CODES |
| 650 ## - SUBJECT ADDED ENTRY--TOPICAL TERM | |
| Topical term or geographic name entry element | FIRE PROTECTION |
| 690 ## - LOCAL SUBJECT ADDED ENTRY--TOPICAL TERM (OCLC, RLIN) | |
| Topical term or geographic name as entry element | BUILT ENVIRONMENT-CONSTRUCTION DESIGN |
| 942 ## - ADDED ENTRY ELEMENTS (KOHA) | |
| Suppress in OPAC | 0 |
| Withdrawn status | Lost status | Source of classification or shelving scheme | Damaged status | Not for loan | Home library | Current library | Shelving location | Date acquired | Total Checkouts | Full call number | Barcode | Date last seen | Copy number | Price effective from | Koha item type |
|---|---|---|---|---|---|---|---|---|---|---|---|---|---|---|---|
| Dewey Decimal Classification | London | London | Journal article | 25/07/2002 | ABS65678 | 119048-1001 | 06/08/2019 | 1 | 06/08/2019 | Journal article |